| Tag |
First Indicator |
Second Indicator |
Subfields |
| LEADER |
00000pam a2200000 a 4500 |
| 001 |
in00000086118 |
| 005 |
20151008064451.0 |
| 008 |
810209s1981 nyuc b 00110 eng |
| 010 |
|
|
|a 81000906
|
| 020 |
|
|
|a 0873954807
|
| 020 |
|
|
|a 0873954815 (pbk.)
|
| 035 |
|
|
|a (OCoLC)07282261
|
| 035 |
|
|
|9 AAK4229AM
|
| 039 |
0 |
|
|a 2
|b 3
|c 3
|d 3
|e 3
|
| 040 |
|
|
|a DLC
|c DLC
|d TXA
|d UtOrBLW
|
| 043 |
|
|
|a n-us---
|
| 049 |
|
|
|a TXAM
|c [1196374]
|
| 050 |
0 |
0 |
|a HS2228.B44
|b M66
|
| 082 |
0 |
|
|a 369
|2 19
|
| 100 |
1 |
|
|a Moore, Deborah Dash,
|d 1946-
|
| 245 |
1 |
0 |
|a Bnai Brith and the challenge of ethnic leadership /
|c Deborah Dash Moore.
|
| 264 |
|
1 |
|a Albany :
|b State University of New York Press,
|c [1981]
|
| 264 |
|
4 |
|c ©1981
|
| 300 |
|
|
|a xvi, 288 pages :
|b portraits ;
|c 24 cm.
|
| 336 |
|
|
|a text
|b txt
|2 rdacontent
|
| 337 |
|
|
|a unmediated
|b n
|2 rdamedia
|
| 338 |
|
|
|a volume
|b nc
|2 rdacarrier
|
| 500 |
|
|
|a Includes index.
|
| 504 |
|
|
|a Bibliography: pages [271]-276.
|
| 610 |
2 |
0 |
|a B'nai B'rith.
|
| 650 |
|
0 |
|a Jews
|z United States
|x Politics and government.
|
| 651 |
|
0 |
|a United States
|x Ethnic relations.
|
| 999 |
|
|
|a MARS
|
| 999 |
f |
f |
|s c7cb8e1d-adde-39b8-b8d4-c6b9d0b6e6f2
|i d6f1b092-8726-3869-a7ab-c1616385c9c4
|t 0
|
| 952 |
f |
f |
|p ric
|a Texas A&M University
|b Rellis Campus
|c Joint Library Facility
|d Remote Storage
|t 0
|e HS2228.B44 M66
|h Library of Congress classification
|i unmediated -- volume
|m A14806143887
|
| 998 |
f |
f |
|a HS2228.B44 M66
|t 0
|l Remote Storage
|